000 00498nam a22001697a 4500
005 20240308134717.0
008 240308b |||||||| |||| 00| 0 eng d
022 _a02577747
041 _aAfrikaans / English
082 _a349 TYD
100 _lAfrikaans / English
245 _aTydskrif vir die Suid-Afrikaans Reg
260 _aKaapstad :
_bJuta en Kie Beperk,
_c1992
300 _b185 pages ;
_c25 cm.
650 _aLegal practice
_bLaw
942 _cCR
_6ALISON_BN_VRIES
999 _c1427
_d1427